00246nam a2200097Ia 4500001000800000005001700008008004100025020001800066245004400084260002000128128212620260417163659.0260417s9999 xx 000 0 und d a9789752123380 0aYazlar da GeçercAydoğan Yavaşlı bAltın Kitaplar